Xã hội học văn hóa
Nôi dung sách gồm ba phần, phần I giới thiệu về văn hoá chung, phần II chỉ ra đối tượng, nhiệm vụ, các lý thuyết tiếp cận nghiên cứu, phần III phân tích bàn luận về hệ thống tri thức.
Tallennettuna:
| Päätekijä: | |
|---|---|
| Aineistotyyppi: | Kirja |
| Kieli: | Undetermined |
| Julkaistu: |
Hà Nội
Nxb. Đại học Quốc gia Hà Nội
2009
|
| Aiheet: | |
| Tagit: |
Lisää tagi
Ei tageja, Lisää ensimmäinen tagi!
|
| Thư viện lưu trữ: | Trung tâm Học liệu Trường Đại học Cần Thơ |
|---|
| LEADER | 01019nam a2200241Ia 4500 | ||
|---|---|---|---|
| 001 | CTU_159627 | ||
| 008 | 210402s9999 xx 000 0 und d | ||
| 020 | |c 31000 | ||
| 082 | |a 303.372 | ||
| 082 | |b H103 | ||
| 100 | |a Mai, Văn Hai | ||
| 245 | 0 | |a Xã hội học văn hóa | |
| 245 | 0 | |c Mai Văn Hai (Chủ biên), Mai Kiệm | |
| 260 | |a Hà Nội | ||
| 260 | |b Nxb. Đại học Quốc gia Hà Nội | ||
| 260 | |c 2009 | ||
| 520 | |a Nôi dung sách gồm ba phần, phần I giới thiệu về văn hoá chung, phần II chỉ ra đối tượng, nhiệm vụ, các lý thuyết tiếp cận nghiên cứu, phần III phân tích bàn luận về hệ thống tri thức. | ||
| 526 | |a Xã hội học văn hóa | ||
| 526 | |b XN352 | ||
| 650 | |a Culture,Khoa học xã hội,Văn hóa,Social science | ||
| 650 | |z Vietnam,Việt Nam | ||
| 904 | |i Hong Loan,QHieu | ||
| 980 | |a Trung tâm Học liệu Trường Đại học Cần Thơ | ||